[Event "Turniej Przyjazni Polsko-Wegierskiej"]
[Site "Katowice"]
[Date "2018.05.05"]
[Round "1.1"]
[White "Radecki, Adam"]
[Black "Piorun, Kacper"]
[Result "0-1"]
[BlackElo "2639"]
[WhiteElo "1691"]
[LiveChessVersion "1.4.8"]

1. e4 {[%clk 0:15:18]} g6 {[%clk 0:15:16]} 2. d4 {[%clk 0:15:20]} Bg7
{[%clk 0:15:24]} 3. c3 {[%clk 0:15:23]} d6 {[%clk 0:15:29]} 4. Nf3
{[%clk 0:15:13]} Nf6 {[%clk 0:15:20]} 5. Bd3 {[%clk 0:15:14]} O-O
{[%clk 0:15:26]} 6. O-O {[%clk 0:15:13]} Nc6 {[%clk 0:15:32]} 7. Re1
{[%clk 0:14:56]} e5 {[%clk 0:15:35]} 8. Bg5 {[%clk 0:14:26]} h6 {[%clk 0:15:27]}
9. Bh4 {[%clk 0:14:30]} Qe8 {[%clk 0:15:34]} 10. d5 {[%clk 0:14:29]} Ne7
{[%clk 0:14:52]} 11. Qd2 {[%clk 0:14:11]} Nh5 {[%clk 0:14:54]} 12. Na3
{[%clk 0:13:56]} Bd7 {[%clk 0:14:34]} 13. Rac1 {[%clk 0:13:25]} Nf4
{[%clk 0:14:22]} 14. c4 {[%clk 0:12:12]} g5 {[%clk 0:14:07]} 15. Bg3
{[%clk 0:12:21]} Neg6 {[%clk 0:14:15]} 16. c5 {[%clk 0:12:21]} Qd8
{[%clk 0:13:57]} 17. cxd6 {[%clk 0:12:02]} cxd6 {[%clk 0:13:51]} 18. Bb5
{[%clk 0:12:07]} Bxb5 {[%clk 0:12:59]} 19. Nxb5 {[%clk 0:12:14]} g4
{[%clk 0:13:07]} 20. Nh4 {[%clk 0:11:35]} Nxh4 {[%clk 0:13:12]} 21. Bxf4
{[%clk 0:11:43]} exf4 {[%clk 0:13:18]} 22. Qxf4 {[%clk 0:11:52]} a6
{[%clk 0:12:49]} 23. Nc3 {[%clk 0:11:21]} Qg5 {[%clk 0:12:43]} 24. Qxg5
{[%clk 0:09:54]} hxg5 {[%clk 0:12:51]} 25. Na4 {[%clk 0:09:55]} Rac8
{[%clk 0:12:25]} 26. Nb6 {[%clk 0:09:58]} Rxc1 {[%clk 0:12:33]} 27. Rxc1
{[%clk 0:10:07]} Re8 {[%clk 0:12:38]} 28. Nc4 {[%clk 0:09:44]} Rc8
{[%clk 0:12:34]} 29. Rc2 {[%clk 0:09:44]} b5 {[%clk 0:12:43]} 30. Ne3
{[%clk 0:09:53]} Rxc2 {[%clk 0:12:51]} 31. Nxc2 {[%clk 0:10:02]} Bxb2
{[%clk 0:12:59]} 0-1

[Event "Turniej Przyjazni Polsko-Wegierskiej"]
[Site "Katowice"]
[Date "2018.05.05"]
[Round "1.2"]
[White "Socko, Bartosz"]
[Black "Marczak, Szymon"]
[Result "1-0"]
[BlackElo "1687"]
[WhiteElo "2630"]
[LiveChessVersion "1.4.8"]

1. d4 {[%clk 0:15:07]} d5 {[%clk 0:15:16]} 2. c4 {[%clk 0:15:16]} dxc4
{[%clk 0:15:24]} 3. e4 {[%clk 0:15:23]} Nc6 {[%clk 0:15:29]} 4. Nf3
{[%clk 0:15:18]} Bg4 {[%clk 0:15:30]} 5. Bxc4 {[%clk 0:15:24]} e6
{[%clk 0:14:52]} 6. Be3 {[%clk 0:15:17]} Nf6 {[%clk 0:14:51]} 7. e5
{[%clk 0:14:27]} Nd5 {[%clk 0:14:54]} 8. O-O {[%clk 0:14:30]} Be7
{[%clk 0:14:27]} 9. Nc3 {[%clk 0:14:36]} Qd7 {[%clk 0:13:18]} 10. Rc1
{[%clk 0:14:19]} a6 {[%clk 0:13:10]} 11. h3 {[%clk 0:14:08]} Bh5 {[%clk 0:12:59]}
12. Nxd5 {[%clk 0:14:02]} exd5 {[%clk 0:13:05]} 13. Be2 {[%clk 0:14:11]} O-O
{[%clk 0:12:32]} 14. Qb3 {[%clk 0:14:03]} Na5 {[%clk 0:11:50]} 15. Qc3
{[%clk 0:14:00]} Nc6 {[%clk 0:11:54]} 16. a3 {[%clk 0:13:59]} Bd8
{[%clk 0:10:57]} 17. Rfe1 {[%clk 0:13:54]} h6 {[%clk 0:10:37]} 18. Qb3
{[%clk 0:13:10]} Rb8 {[%clk 0:09:40]} 19. Rc5 {[%clk 0:09:46]} b6
{[%clk 0:07:31]} 20. Qxd5 {[%clk 0:08:39]} Qxd5 21. Rxd5 {[%clk 0:08:47]} Ne7
{[%clk 0:07:12]} 22. Rd7 {[%clk 0:08:56]} f6 {[%clk 0:06:45]} 23. exf6
{[%clk 0:09:02]} Rxf6 {[%clk 0:06:33]} 24. Bxa6 {[%clk 0:06:23]} Be8
{[%clk 0:06:32]} 25. Bc4+ {[%clk 0:06:23]} Kf8 {[%clk 0:06:13]} 26. Ne5
{[%clk 0:06:30]} Ng6 {[%clk 0:04:14]} 27. Nxg6+ {[%clk 0:06:03]} Rxg6
{[%clk 0:04:18]} 28. Rd5 {[%clk 0:06:04]} Bc6 {[%clk 0:03:52]} 29. Rf5+
{[%clk 0:06:10]} Bf6 {[%clk 0:03:37]} 30. d5 {[%clk 0:06:07]} Bd7
{[%clk 0:03:25]} 31. Rf3 {[%clk 0:06:16]} Re8 {[%clk 0:02:31]} 32. Rc1
{[%clk 0:06:05]} Rc8 {[%clk 0:01:15]} 33. Ba6 {[%clk 0:06:04]} Rd8
{[%clk 0:00:46]} 34. Bd3 {[%clk 0:06:08]} Kf7 {[%clk 0:00:46]} 35. Rxc7
{[%clk 0:06:15]} Rg5 {[%clk 0:00:50]} 36. Bxg5 {[%clk 0:06:15]} hxg5
{[%clk 0:00:59]} 37. Bb5 {[%clk 0:06:17]} 1-0

[Event "Turniej Przyjazni Polsko-Wegierskiej"]
[Site "Katowice"]
[Date "2018.05.05"]
[Round "1.3"]
[White "Kurzok, Zenon"]
[Black "Kempinski, Robert"]
[Result "0-1"]
[BlackElo "2583"]
[WhiteElo "1679"]
[LiveChessVersion "1.4.8"]

1. e4 {[%clk 0:15:17]} c5 {[%clk 0:15:16]} 2. b4 {[%clk 0:15:18]} cxb4
{[%clk 0:15:11]} 3. Bb2 {[%clk 0:15:26]} d6 {[%clk 0:15:00]} 4. Nf3
{[%clk 0:15:10]} Nf6 {[%clk 0:15:05]} 5. Bb5+ {[%clk 0:14:48]} Bd7
{[%clk 0:14:57]} 6. Bxd7+ {[%clk 0:14:21]} Nbxd7 {[%clk 0:15:00]} 7. Qe2
{[%clk 0:14:19]} e6 {[%clk 0:14:52]} 8. a3 {[%clk 0:14:00]} bxa3 {[%clk 0:14:42]}
9. Nxa3 {[%clk 0:13:47]} Be7 {[%clk 0:14:31]} 10. O-O {[%clk 0:13:38]} O-O
{[%clk 0:14:36]} 11. Rfb1 {[%clk 0:13:05]} a6 {[%clk 0:14:10]} 12. Nc4
{[%clk 0:12:31]} Qc7 {[%clk 0:13:43]} 13. Na5 {[%clk 0:11:57]} b6
{[%clk 0:13:12]} 14. Nb3 {[%clk 0:12:01]} Qxc2 {[%clk 0:12:32]} 15. Nbd4
{[%clk 0:12:01]} Qxe4 {[%clk 0:12:22]} 16. Qc4 {[%clk 0:11:34]} Rfc8
{[%clk 0:12:22]} 17. Qb3 {[%clk 0:11:36]} Qd5 {[%clk 0:12:08]} 18. Qe3
{[%clk 0:11:14]} h6 {[%clk 0:12:09]} 19. Bc3 {[%clk 0:10:56]} Qe4
{[%clk 0:12:01]} 20. Re1 {[%clk 0:10:22]} Qxe3 {[%clk 0:12:07]} 21. Rxe3
{[%clk 0:10:28]} Nd5 {[%clk 0:12:02]} 22. Re2 {[%clk 0:09:08]} Nxc3
{[%clk 0:12:04]} 23. dxc3 {[%clk 0:09:16]} Rxc3 {[%clk 0:12:09]} 24. Rae1
{[%clk 0:09:17]} Bf6 {[%clk 0:12:08]} 0-1

[Event "Turniej Przyjazni Polsko-Wegierskiej"]
[Site "Katowice"]
[Date "2018.05.05"]
[Round "1.5"]
[White "Musial, Tomasz"]
[Black "Mista, Aleksander"]
[Result "1/2-1/2"]
[BlackElo "2548"]
[WhiteElo "1674"]
[LiveChessVersion "1.4.8"]

1. e4 {[%clk 0:15:18]} c5 {[%clk 0:15:19]} 2. Nf3 {[%clk 0:15:27]} d6
{[%clk 0:15:28]} 3. Bb5+ {[%clk 0:15:31]} Nd7 {[%clk 0:15:36]} 4. O-O
{[%clk 0:15:37]} a6 {[%clk 0:15:45]} 5. Bd3 {[%clk 0:15:45]} Ngf6
{[%clk 0:15:53]} 6. c3 {[%clk 0:15:54]} b5 {[%clk 0:16:01]} 7. Bc2
{[%clk 0:15:59]} Bb7 {[%clk 0:16:10]} 8. Re1 {[%clk 0:16:08]} g6 {[%clk 0:16:18]}
9. d4 {[%clk 0:16:02]} cxd4 {[%clk 0:16:27]} 10. cxd4 {[%clk 0:16:10]} Bg7
{[%clk 0:16:35]} 11. a3 {[%clk 0:15:32]} O-O {[%clk 0:16:41]} 12. Nc3
{[%clk 0:15:40]} e5 {[%clk 0:16:49]} 13. Bg5 {[%clk 0:14:50]} Re8
{[%clk 0:16:07]} 14. Qd2 {[%clk 0:13:47]} Rc8 {[%clk 0:15:34]} 15. Rad1
{[%clk 0:13:03]} Qc7 {[%clk 0:15:18]} 16. dxe5 {[%clk 0:11:42]} dxe5
{[%clk 0:15:22]} 17. Bb3 {[%clk 0:11:33]} Nb6 {[%clk 0:15:04]} 18. Qd6
{[%clk 0:10:06]} Nfd7 {[%clk 0:13:09]} 19. Qxc7 {[%clk 0:08:56]} Rxc7
{[%clk 0:13:18]} 20. Nd5 {[%clk 0:09:04]} Nxd5 {[%clk 0:12:59]} 21. Bxd5
{[%clk 0:08:58]} Nb6 {[%clk 0:12:17]} 22. Bxb7 {[%clk 0:07:07]} Rxb7
{[%clk 0:12:26]} 23. b3 {[%clk 0:06:59]} Bf8 {[%clk 0:11:57]} 24. Ra1
{[%clk 0:03:54]} Rc7 {[%clk 0:12:02]} 25. a4 {[%clk 0:03:58]} bxa4
{[%clk 0:11:14]} 26. bxa4 {[%clk 0:04:07]} Bb4 {[%clk 0:10:45]} 27. Bd2
{[%clk 0:03:38]} Bxd2 {[%clk 0:09:45]} 28. Nxd2 {[%clk 0:03:47]} Rc2
{[%clk 0:09:53]} 29. Reb1 {[%clk 0:02:17]} Nd7 {[%clk 0:09:51]} 30. Nf1
{[%clk 0:02:04]} Nc5 {[%clk 0:08:50]} 31. f3 {[%clk 0:01:50]} Rc3
{[%clk 0:08:17]} 32. Rc1 {[%clk 0:01:24]} Rxc1 {[%clk 0:08:17]} 33. Rxc1
{[%clk 0:01:33]} Nxa4 {[%clk 0:08:18]} 34. Ra1 {[%clk 0:01:39]} Nc5
{[%clk 0:08:24]} 35. Ra5 {[%clk 0:01:48]} Rc8 {[%clk 0:08:17]} 36. Ne3
{[%clk 0:01:43]} Kg7 {[%clk 0:08:07]} 37. Nd5 {[%clk 0:01:40]} Nd3
{[%clk 0:08:15]} 38. Kf1 {[%clk 0:01:22]} Rc6 {[%clk 0:07:58]} 39. Ke2
{[%clk 0:01:14]} Nf4+ {[%clk 0:08:03]} 40. Nxf4 {[%clk 0:01:01]} exf4
{[%clk 0:08:12]} 41. Kd3 {[%clk 0:01:10]} h5 {[%clk 0:08:14]} 42. Ra2
{[%clk 0:01:01]} Kf6 {[%clk 0:08:04]} 43. Kd4 {[%clk 0:01:09]} Ke6
{[%clk 0:07:41]} 44. g3 {[%clk 0:00:54]} fxg3 {[%clk 0:07:49]} 45. hxg3
{[%clk 0:01:03]} Rd6+ {[%clk 0:06:33]} 46. Ke3 {[%clk 0:01:06]} Kd7
{[%clk 0:06:20]} 47. Kf4 {[%clk 0:00:26]} Rf6+ {[%clk 0:06:04]} 48. Ke3
{[%clk 0:00:33]} Kc7 {[%clk 0:05:47]} 49. Ra1 {[%clk 0:00:40]} Kb7
{[%clk 0:05:37]} 50. f4 {[%clk 0:00:47]} Rb6 {[%clk 0:05:42]} 51. f5
{[%clk 0:00:48]} g5 {[%clk 0:05:39]} 52. e5 {[%clk 0:00:42]} Kc7 {[%clk 0:05:34]}
53. Rh1 {[%clk 0:00:41]} Rh6 {[%clk 0:05:34]} 54. Ke4 {[%clk 0:00:39]} a5
{[%clk 0:05:21]} 55. f6 {[%clk 0:00:42]} h4 {[%clk 0:05:24]} 56. Kf5
{[%clk 0:00:23]} hxg3 {[%clk 0:05:22]} 57. Rg1 {[%clk 0:00:32]} g4
{[%clk 0:05:03]} 58. Rxg3 {[%clk 0:00:35]} Rh5+ {[%clk 0:05:09]} 59. Kf4
{[%clk 0:00:37]} a4 {[%clk 0:05:04]} 60. Ra3 {[%clk 0:00:33]} g3 {[%clk 0:04:20]}
61. Kxg3 {[%clk 0:00:38]} Kd7 {[%clk 0:03:41]} 62. Rxa4 {[%clk 0:00:39]} Rxe5
{[%clk 0:03:48]} 63. Kf4 {[%clk 0:00:40]} Rh5 {[%clk 0:02:53]} 64. Ra7+
{[%clk 0:00:45]} Ke6 {[%clk 0:02:53]} 65. Ra6+ {[%clk 0:00:53]} Kd7
{[%clk 0:03:02]} 66. Ra7+ {[%clk 0:01:02]} 1/2-1/2

[Event "Turniej Przyjazni Polsko-Wegierskiej"]
[Site "Katowice"]
[Date "2018.05.05"]
[Round "1.6"]
[White "Krasenkow, Michal"]
[Black "Gajzner, Ryszard"]
[Result "1-0"]
[BlackElo "1673"]
[WhiteElo "2546"]
[LiveChessVersion "1.4.8"]

1. e4 {[%clk 0:15:17]} c5 {[%clk 0:15:19]} 2. Nc3 {[%clk 0:15:26]} Nc6
{[%clk 0:15:27]} 3. g3 {[%clk 0:15:35]} g6 {[%clk 0:15:36]} 4. Bg2
{[%clk 0:15:44]} Bg7 {[%clk 0:15:45]} 5. d3 {[%clk 0:15:53]} Nf6 {[%clk 0:15:49]}
6. f4 {[%clk 0:16:01]} e6 {[%clk 0:15:52]} 7. e5 {[%clk 0:16:09]} Nd5
{[%clk 0:15:18]} 8. Nxd5 {[%clk 0:16:14]} exd5 {[%clk 0:15:26]} 9. Bxd5
{[%clk 0:16:23]} d6 {[%clk 0:15:01]} 10. exd6 {[%clk 0:15:50]} O-O
{[%clk 0:15:09]} 11. Ne2 {[%clk 0:15:37]} Bg4 {[%clk 0:14:41]} 12. h3
{[%clk 0:15:20]} Bf5 {[%clk 0:13:41]} 13. g4 {[%clk 0:15:24]} Qh4+
{[%clk 0:13:45]} 14. Kf1 {[%clk 0:15:32]} Be6 {[%clk 0:13:13]} 15. Bf3
{[%clk 0:15:02]} Rfe8 {[%clk 0:11:44]} 16. Be3 {[%clk 0:14:18]} Qf6
{[%clk 0:09:50]} 17. Bxc5 {[%clk 0:14:15]} Rac8 {[%clk 0:08:59]} 18. c3
{[%clk 0:14:07]} b6 {[%clk 0:08:42]} 19. Bf2 {[%clk 0:13:51]} Ne5
{[%clk 0:08:36]} 20. Bd4 {[%clk 0:13:56]} Bd7 {[%clk 0:04:34]} 21. Kg2
{[%clk 0:14:00]} Qxd6 {[%clk 0:03:47]} 22. fxe5 {[%clk 0:14:07]} Bxe5
{[%clk 0:03:45]} 23. Bxe5 {[%clk 0:14:16]} Rxe5 {[%clk 0:03:54]} 24. Nd4
{[%clk 0:14:15]} h5 {[%clk 0:03:36]} 25. Qd2 {[%clk 0:14:24]} h4 {[%clk 0:03:03]}
26. Qf2 {[%clk 0:14:25]} 1-0

[Event "Turniej Przyjazni Polsko-Wegierskiej"]
[Site "Katowice"]
[Date "2018.05.05"]
[Round "1.7"]
[White "Wirtek, Jerzy"]
[Black "Klekowski, Maciej"]
[Result "0-1"]
[BlackElo "2536"]
[WhiteElo "1672"]
[LiveChessVersion "1.4.8"]

1. e4 {[%clk 0:15:17]} c5 {[%clk 0:15:18]} 2. d3 {[%clk 0:15:23]} Nc6
{[%clk 0:15:26]} 3. Nf3 {[%clk 0:15:30]} g6 {[%clk 0:15:34]} 4. g3
{[%clk 0:15:37]} Bg7 {[%clk 0:15:43]} 5. Bg2 {[%clk 0:15:44]} e5 {[%clk 0:15:51]}
6. O-O {[%clk 0:15:49]} Nge7 {[%clk 0:15:59]} 7. c3 {[%clk 0:15:48]} O-O
{[%clk 0:16:06]} 8. a3 {[%clk 0:15:51]} a5 {[%clk 0:15:55]} 9. a4
{[%clk 0:15:48]} h6 {[%clk 0:15:58]} 10. Na3 {[%clk 0:15:52]} d6 {[%clk 0:15:45]}
11. Nb5 {[%clk 0:14:45]} Na7 {[%clk 0:13:45]} 12. Nxa7 {[%clk 0:13:19]} Rxa7
{[%clk 0:13:53]} 13. d4 {[%clk 0:13:21]} b6 {[%clk 0:14:02]} 14. dxe5
{[%clk 0:12:18]} dxe5 {[%clk 0:14:08]} 15. Qc2 {[%clk 0:12:09]} Rd7
{[%clk 0:13:53]} 16. Be3 {[%clk 0:11:13]} Ba6 {[%clk 0:09:02]} 17. c4
{[%clk 0:08:51]} Nc6 {[%clk 0:09:07]} 18. Rad1 {[%clk 0:07:50]} Nb4
{[%clk 0:08:43]} 19. Qc1 {[%clk 0:07:08]} Kh7 {[%clk 0:08:49]} 20. b3
{[%clk 0:06:25]} Bb7 {[%clk 0:08:45]} 21. Rxd7 {[%clk 0:04:56]} Qxd7
{[%clk 0:08:53]} 22. Rd1 {[%clk 0:05:04]} Qc7 {[%clk 0:08:38]} 23. Ne1
{[%clk 0:04:33]} Nc6 {[%clk 0:08:38]} 24. Nf3 {[%clk 0:04:06]} Re8
{[%clk 0:07:13]} 25. Nh4 {[%clk 0:03:03]} Nd4 {[%clk 0:07:13]} 26. Bxd4
{[%clk 0:03:10]} exd4 {[%clk 0:07:20]} 27. f3 {[%clk 0:03:18]} Bf6
{[%clk 0:07:19]} 28. Qd2 {[%clk 0:02:46]} Bg5 {[%clk 0:07:24]} 29. Qd3
{[%clk 0:02:37]} h5 {[%clk 0:06:40]} 30. Rf1 {[%clk 0:02:39]} Bxh4
{[%clk 0:06:49]} 31. gxh4 {[%clk 0:02:47]} Qf4 {[%clk 0:06:58]} 32. Qe2
{[%clk 0:02:09]} Qxh4 {[%clk 0:06:58]} 33. f4 {[%clk 0:02:03]} Bxe4
{[%clk 0:06:25]} 34. Bxe4 {[%clk 0:02:08]} f5 {[%clk 0:06:34]} 0-1

[Event "Turniej Przyjazni Polsko-Wegierskiej"]
[Site "Katowice"]
[Date "2018.05.05"]
[Round "1.8"]
[White "Swayams, Mishra"]
[Black "Sulkowski, Andrzej"]
[Result "1-0"]
[BlackElo "1666"]
[WhiteElo "2518"]
[LiveChessVersion "1.4.8"]

1. d4 {[%clk 0:15:17]} e6 {[%clk 0:15:06]} 2. Nf3 {[%clk 0:15:21]} b6
{[%clk 0:15:06]} 3. c4 {[%clk 0:14:42]} Bb7 {[%clk 0:14:52]} 4. a3
{[%clk 0:14:48]} f5 {[%clk 0:14:23]} 5. Nc3 {[%clk 0:14:48]} Nf6 {[%clk 0:14:15]}
6. g3 {[%clk 0:14:38]} Be7 {[%clk 0:13:49]} 7. Bg2 {[%clk 0:14:47]} O-O
{[%clk 0:13:52]} 8. O-O {[%clk 0:14:53]} h6 {[%clk 0:12:44]} 9. d5
{[%clk 0:14:50]} exd5 {[%clk 0:09:23]} 10. cxd5 {[%clk 0:14:48]} a5
{[%clk 0:08:29]} 11. Nd4 {[%clk 0:14:10]} Ne8 {[%clk 0:07:23]} 12. Qc2
{[%clk 0:13:40]} Nd6 {[%clk 0:06:45]} 13. Bf4 {[%clk 0:13:47]} c5
{[%clk 0:06:44]} 14. Bxd6 {[%clk 0:13:20]} cxd4 {[%clk 0:06:22]} 15. Bxe7
{[%clk 0:13:27]} Qxe7 {[%clk 0:06:29]} 16. d6 {[%clk 0:13:25]} Qxd6
{[%clk 0:05:36]} 17. Nb5 {[%clk 0:13:17]} Bxg2 {[%clk 0:05:01]} 18. Nxd6
{[%clk 0:13:25]} Bxf1 {[%clk 0:05:07]} 19. Rxf1 {[%clk 0:13:22]} Nc6
{[%clk 0:04:56]} 20. Nxf5 {[%clk 0:13:30]} Kh8 {[%clk 0:04:34]} 21. Rd1
{[%clk 0:13:05]} Rac8 {[%clk 0:04:18]} 22. Qb1 {[%clk 0:13:10]} d3 23. Qxd3
{[%clk 0:13:10]} Ne5 {[%clk 0:03:53]} 24. Qe4 {[%clk 0:13:18]} Rc5
{[%clk 0:03:52]} 25. Nh4 {[%clk 0:13:18]} Rf6 {[%clk 0:03:07]} 26. b4
{[%clk 0:13:08]} axb4 {[%clk 0:03:03]} 27. axb4 {[%clk 0:13:16]} Rb5
{[%clk 0:03:06]} 28. f4 {[%clk 0:13:17]} Nc6 {[%clk 0:02:27]} 29. Ng6+
{[%clk 0:13:07]} Kg8 {[%clk 0:02:29]} 30. Qc4+ {[%clk 0:12:45]} 1-0

[Event "Turniej Przyjazni Polsko-Wegierskiej"]
[Site "Katowice"]
[Date "2018.05.05"]
[Round "1.9"]
[White "Ryskal, Igor"]
[Black "Omelja, Artem"]
[Result "0-1"]
[BlackElo "2483"]
[WhiteElo "1654"]
[LiveChessVersion "1.4.8"]

1. d4 {[%clk 0:15:16]} f5 {[%clk 0:15:05]} 2. c4 {[%clk 0:15:18]} Nf6
{[%clk 0:15:11]} 3. Nc3 {[%clk 0:15:24]} d6 {[%clk 0:15:18]} 4. Bg5
{[%clk 0:14:57]} Nbd7 {[%clk 0:15:19]} 5. Qc2 {[%clk 0:14:31]} g6
{[%clk 0:15:24]} 6. e4 {[%clk 0:14:36]} fxe4 {[%clk 0:14:59]} 7. Nxe4
{[%clk 0:14:43]} Bg7 {[%clk 0:14:55]} 8. Nf3 {[%clk 0:14:48]} O-O
{[%clk 0:14:10]} 9. Bd3 {[%clk 0:13:45]} c5 {[%clk 0:11:46]} 10. d5
{[%clk 0:12:35]} b5 {[%clk 0:10:53]} 11. Nxf6+ {[%clk 0:09:04]} exf6
{[%clk 0:10:41]} 12. Bf4 {[%clk 0:08:18]} bxc4 {[%clk 0:09:54]} 13. Bxc4
{[%clk 0:08:15]} Re8+ {[%clk 0:10:01]} 14. Kf1 {[%clk 0:07:21]} Nb6
{[%clk 0:10:05]} 15. Nd2 {[%clk 0:04:31]} Bf5 {[%clk 0:09:05]} 16. Qc1
{[%clk 0:02:31]} g5 {[%clk 0:07:53]} 17. Bg3 {[%clk 0:02:23]} Nxc4
{[%clk 0:07:34]} 18. Nxc4 {[%clk 0:02:13]} Bd3+ {[%clk 0:07:42]} 19. Kg1
{[%clk 0:02:20]} f5 {[%clk 0:07:26]} 20. f3 {[%clk 0:00:19]} Bd4+
{[%clk 0:07:28]} 21. Bf2 {[%clk 0:00:28]} Qf6 {[%clk 0:07:06]} 22. h4
{[%clk 0:00:28]} Re2 {[%clk 0:06:57]} 0-1

[Event "Turniej Przyjazni Polsko-Wegierskiej"]
[Site "Katowice"]
[Date "2018.05.05"]
[Round "1.11"]
[White "Norek, Bartosz"]
[Black "Hnydiuk, Aleksander"]
[Result "0-1"]
[BlackElo "2408"]
[WhiteElo "1651"]
[LiveChessVersion "1.4.8"]

1. e4 {[%clk 0:15:18]} c5 {[%clk 0:15:10]} 2. Nf3 {[%clk 0:15:26]} e6
{[%clk 0:15:14]} 3. d4 {[%clk 0:15:33]} cxd4 {[%clk 0:15:22]} 4. Nxd4
{[%clk 0:15:41]} Nc6 {[%clk 0:15:30]} 5. Nc3 {[%clk 0:15:18]} a6 {[%clk 0:15:37]}
6. Be3 {[%clk 0:15:07]} Nf6 {[%clk 0:15:44]} 7. Be2 {[%clk 0:14:10]} d6
{[%clk 0:13:57]} 8. g4 {[%clk 0:10:15]} d5 {[%clk 0:11:25]} 9. Nxc6
{[%clk 0:08:33]} bxc6 {[%clk 0:11:33]} 10. e5 {[%clk 0:08:34]} Nd7
{[%clk 0:11:39]} 11. f4 {[%clk 0:08:19]} Rb8 {[%clk 0:11:26]} 12. Na4
{[%clk 0:06:57]} Rb4 {[%clk 0:08:36]} 13. c3 {[%clk 0:06:24]} Re4
{[%clk 0:08:39]} 14. Qd2 {[%clk 0:06:15]} Rxa4 {[%clk 0:08:44]} 15. c4 Rb4 0-1

[Event "Turniej Przyjazni Polsko-Wegierskiej"]
[Site "Katowice"]
[Date "2018.05.05"]
[Round "1.12"]
[White "Kazakov, Mikhail"]
[Black "Mirek, Lukasz"]
[Result "1-0"]
[BlackElo "1643"]
[WhiteElo "2382"]
[LiveChessVersion "1.4.8"]

1. d4 {[%clk 0:15:12]} Nf6 {[%clk 0:15:19]} 2. c4 {[%clk 0:15:20]} e6
{[%clk 0:15:14]} 3. Nf3 {[%clk 0:14:58]} d5 {[%clk 0:15:16]} 4. Nc3
{[%clk 0:15:03]} Be7 {[%clk 0:14:46]} 5. Bg5 {[%clk 0:15:08]} c6 {[%clk 0:14:20]}
6. e3 {[%clk 0:15:11]} O-O {[%clk 0:14:27]} 7. Rc1 {[%clk 0:15:17]} Nbd7
{[%clk 0:14:32]} 8. a3 {[%clk 0:15:22]} b6 {[%clk 0:12:16]} 9. Bd3
{[%clk 0:15:05]} Bb7 {[%clk 0:11:16]} 10. cxd5 {[%clk 0:15:01]} exd5
{[%clk 0:10:08]} 11. O-O {[%clk 0:14:48]} c5 {[%clk 0:09:42]} 12. Ne5
{[%clk 0:14:07]} Nxe5 {[%clk 0:05:23]} 13. dxe5 {[%clk 0:14:13]} Ne4
{[%clk 0:05:16]} 14. Bf4 {[%clk 0:13:47]} Nxc3 {[%clk 0:03:46]} 15. Rxc3
{[%clk 0:13:42]} Bc8 {[%clk 0:03:11]} 16. Qc2 {[%clk 0:11:51]} g6
{[%clk 0:02:54]} 17. Rd1 {[%clk 0:11:56]} Be6 {[%clk 0:02:04]} 18. Be4
{[%clk 0:11:47]} Qd7 {[%clk 0:01:44]} 19. Rcd3 {[%clk 0:11:14]} Qb5
{[%clk 0:01:01]} 20. Bxd5 {[%clk 0:10:59]} Bxd5 {[%clk 0:01:10]} 21. Rxd5
{[%clk 0:11:07]} Rfd8 {[%clk 0:01:07]} 22. e4 {[%clk 0:10:56]} Rac8
{[%clk 0:00:50]} 23. h3 {[%clk 0:10:48]} a6 {[%clk 0:00:53]} 24. Bh6
{[%clk 0:10:17]} Qc6 {[%clk 0:00:51]} 25. Qd3 {[%clk 0:10:04]} Re8
{[%clk 0:00:44]} 26. f4 {[%clk 0:09:09]} c4 {[%clk 0:00:20]} 27. Qc3
{[%clk 0:09:09]} Bc5+ {[%clk 0:00:28]} 28. Kh1 {[%clk 0:09:08]} b5
{[%clk 0:00:37]} 29. e6 {[%clk 0:07:59]} Bf8 {[%clk 0:00:45]} 30. exf7+
{[%clk 0:05:16]} Kxf7 {[%clk 0:00:52]} 31. Bxf8 {[%clk 0:04:49]} Kxf8
{[%clk 0:00:21]} 32. Qh8+ {[%clk 0:04:43]} 1-0

[Event "Turniej Przyjazni Polsko-Wegierskiej"]
[Site "Katowice"]
[Date "2018.05.05"]
[Round "1.13"]
[White "Wieczorek, Marek"]
[Black "Razin, Vadim"]
[Result "0-1"]
[BlackElo "2373"]
[WhiteElo "1637"]
[LiveChessVersion "1.4.8"]

1. e4 {[%clk 0:15:17]} e6 {[%clk 0:15:18]} 2. d4 {[%clk 0:15:22]} d5
{[%clk 0:15:26]} 3. Nc3 {[%clk 0:15:25]} Nf6 {[%clk 0:15:29]} 4. e5
{[%clk 0:15:31]} Nfd7 {[%clk 0:15:37]} 5. f4 {[%clk 0:15:27]} c5 {[%clk 0:15:45]}
6. Nf3 {[%clk 0:15:30]} Nc6 {[%clk 0:15:52]} 7. Ne2 {[%clk 0:14:12]} Be7
{[%clk 0:15:47]} 8. g3 {[%clk 0:14:12]} O-O {[%clk 0:14:59]} 9. Bg2
{[%clk 0:14:14]} f6 {[%clk 0:14:24]} 10. O-O {[%clk 0:14:03]} cxd4
{[%clk 0:14:19]} 11. Nexd4 {[%clk 0:14:04]} Nxd4 {[%clk 0:14:21]} 12. Nxd4
{[%clk 0:14:05]} Bc5 {[%clk 0:09:17]} 13. exf6 Qxf6 {[%clk 0:08:38]} 14. c3
{[%clk 0:14:07]} Nb6 {[%clk 0:08:25]} 15. Kh1 {[%clk 0:13:09]} Bd7
{[%clk 0:08:23]} 16. Nf3 {[%clk 0:13:04]} Nc4 {[%clk 0:07:14]} 17. Re1
{[%clk 0:12:26]} Rad8 {[%clk 0:04:34]} 18. Qc2 {[%clk 0:11:55]} h6
{[%clk 0:03:24]} 19. b3 {[%clk 0:12:03]} Nd6 {[%clk 0:03:22]} 20. Bb2
{[%clk 0:10:43]} Ne4 {[%clk 0:02:45]} 21. c4 {[%clk 0:10:20]} Qf5
{[%clk 0:02:39]} 22. Rxe4 {[%clk 0:09:09]} dxe4 {[%clk 0:02:11]} 23. Nh4
{[%clk 0:08:52]} Qh7 {[%clk 0:01:51]} 24. Bxe4 {[%clk 0:08:58]} Bc6
{[%clk 0:01:59]} 25. Re1 {[%clk 0:08:54]} Bxe4+ {[%clk 0:02:00]} 26. Rxe4
{[%clk 0:08:15]} Rd2 {[%clk 0:01:54]} 27. Qxd2 {[%clk 0:08:05]} Qxe4+
{[%clk 0:02:02]} 28. Ng2 {[%clk 0:08:10]} Qb1+ {[%clk 0:01:51]} 29. Qc1
{[%clk 0:08:17]} Qxc1+ {[%clk 0:01:52]} 30. Bxc1 {[%clk 0:08:26]} Rd8
{[%clk 0:01:59]} 31. Ne3 {[%clk 0:07:49]} Rd3 {[%clk 0:02:08]} 32. Kg2
{[%clk 0:07:52]} Bxe3 {[%clk 0:02:16]} 33. Bxe3 {[%clk 0:07:55]} Rxe3
{[%clk 0:02:24]} 34. Kf2 {[%clk 0:08:04]} Rc3 {[%clk 0:02:33]} 0-1